Effuions (Record no. 8195)

MARC details
000 -LEADER
fixed length control field 00441cam a2200193ua 4500
001 - CONTROL NUMBER
control field 9130
005 - DATE AND TIME OF LATEST TRANSACTION
control field 20260515114428.0
008 - FIXED-LENGTH DATA ELEMENTS--GENERAL INFORMATION
fixed length control field 150221n ii |||gr||||Z||||||eng
020 ## - INTERNATIONAL STANDARD BOOK NUMBER
International Standard Book Number 978019809078
040 ## - CATALOGING SOURCE
Transcribing agency MAIN
041 ## - LANGUAGE CODE
Language code of text/sound track or separate title eng
082 ## - DEWEY DECIMAL CLASSIFICATION NUMBER
Classification number 821
245 1# - TITLE STATEMENT
Title Effuions
Remainder of title Anthology of english prose and poetry
250 ## - EDITION STATEMENT
Edition statement 1st.
260 ## - PUBLICATION, DISTRIBUTION, ETC.
Place of publication, distribution, etc. New Delhi:
Name of publisher, distributor, etc. Oxford,
Date of publication, distribution, etc. 2013.
300 ## - PHYSICAL DESCRIPTION
Extent x,48p.
653 ## - INDEX TERM--UNCONTROLLED
Uncontrolled term English poetry
942 ## - ADDED ENTRY ELEMENTS (KOHA)
Koha item type Books
Holdings
Withdrawn status Lost status Damaged status Not for loan Home library Current library Shelving location Date acquired Total checkouts Full call number Barcode Date last seen Copy number Price effective from Koha item type Date last checked out
        Naharkatiya College Library Naharkatiya College Library General stacks 09/19/2020   821 | EFF 21981 09/19/2020 4 09/19/2020 Books  
        Naharkatiya College Library Naharkatiya College Library General stacks 09/19/2020   821 | EFF 21982 09/19/2020 2 09/19/2020 Books  
        Naharkatiya College Library Naharkatiya College Library General stacks 09/19/2020 1 821 | EFF 22040 05/21/2024 6 09/19/2020 Books 05/21/2024
        Naharkatiya College Library Naharkatiya College Library General stacks 09/19/2020   821 | EFF 22041 09/19/2020 7 09/19/2020 Books  
        Naharkatiya College Library Naharkatiya College Library General stacks 09/19/2020 1 821 | EFF 22042 04/29/2024 1 09/19/2020 Books 04/27/2024
        Naharkatiya College Library Naharkatiya College Library General stacks 09/19/2020   821 | EFF 22043 09/19/2020 3 09/19/2020 Books  
        Naharkatiya College Library Naharkatiya College Library General stacks 09/19/2020   821 | EFF 22044 09/19/2020 5 09/19/2020 Books